Effect of education- Occupation mismatch on wages in India (Record no. 512906)

000 -LEADER
fixed length control field 00471nam a2200145 4500
008 - FIXED-LENGTH DATA ELEMENTS--GENERAL INFORMATION
fixed length control field 191227b ||||| |||| 00| 0 eng d
100 ## - MAIN ENTRY--PERSONAL NAME
Personal name Datta, Banantika
245 ## - TITLE STATEMENT
Title Effect of education- Occupation mismatch on wages in India
260 ## - PUBLICATION, DISTRIBUTION, ETC. (IMPRINT)
Name of publisher, distributor, etc Indian Journal of Labour Economics
300 ## - PHYSICAL DESCRIPTION
Extent 62(3), Jul-Sep, 2019: p.389-411.
700 ## - ADDED ENTRY--PERSONAL NAME
Personal name Mishra, Udaya S.
9 (RLIN) 14956
773 ## - HOST ITEM ENTRY
Main entry heading Indian Journal of Labour Economics
906 ## - LOCAL DATA ELEMENT F, LDF (RLIN)
Subject DIP Wages - India
942 ## - ADDED ENTRY ELEMENTS (KOHA)
Source of classification or shelving scheme
Item type Articles
Holdings
Withdrawn status Lost status Source of classification or shelving scheme Damaged status Not for loan Permanent location Current location Date acquired Serial Enumeration / chronology Barcode Date last seen Koha item type
          Indian Institute of Public Administration Indian Institute of Public Administration 2019-12-27 62(3), Jul-Sep, 2019: p.389-411. AR122235 2019-12-27 Articles

Powered by Koha